| 000 | 00363nam a2200133Ia 4500 | ||
|---|---|---|---|
| 008 | 230917s9999||||xx |||||||||||||| ||und|| | ||
| 040 |
_e107157 _aMAIN |
||
| 041 | _aEnglish | ||
| 082 | _a519.2 P943P | ||
| 245 | 0 | _aProfit analysis of parallel-units reliability models with different repair policies of servers | |
| 260 | _c2003 | ||
| 300 | _a167 p. | ||
| 942 | _cTH | ||
| 999 |
_c89487 _d89487 |
||